000 01404nam a22003857a 4500
003 CHAP
005 20220329141206.0
008 971010s1982 r 00010 d
010 _a64111
011 _a65083
035 _a71246
040 _cCHAP
090 _aTesis
100 0 0 _aUrbalejo Guerra, Roberto.
_9116822
245 1 _aEvaluación del rendimiento reproductivo en respuesta a tres niveles de proteína durante el período de gestación de la cerda
260 _aChapingo, Méx. :
_bEl autor,
_c1982
300 _a111 h.
502 _aTesis (Ing. Agrónomo Esp. en Zootecnia) -- UACH. Departamento de Zootecnia
590 _aALEPH
_b10
_c20130110
_lUCH01
_h1349
590 _aBATCH-UPD
_b10
_c20130110
_lUCH01
_h0656
590 _aBATCH-UPD
_b10
_c20130110
_lUCH01
_h2359
590 _aBATCH-UPD
_b10
_c20130410
_lUCH01
_h0341
590 _aBATCH-UPD
_b10
_c20130410
_lUCH01
_h1645
590 _aBATCH-UPD
_b10
_c20130914
_lUCH01
_h1522
590 _aCONVERSION
_b10
_c20130109
_lUCH01
_h1335
650 1 4 _aGanado porcino
_xNutrición.
_945390
650 1 4 _aGanado porcino
_xReproducción.
_945403
650 1 4 _aProteínas en nutrición del cerdo.
_992456
700 0 _aCorrea Fabián, Víctor Manuel.
_928220
901 _aBK
942 _cFOLL
949 _bBC
_cTES
_d-153782
_eTS1
_i71246
_si
949 _bBC
_cTES
_d-153783
_eTS2
_fc.2
_i71246
_si
949 _bBC
_cTES
_d-153784
_eTS2
_fc.3
_i71246
_si
999 _c64111
_d64111